ბათუმის შოთა რუსთაველის სახელმწიფო უნივერსიტეტის ბიბლიოთეკა

ფილოსოფია : (ბიბ.ჩანაწერი № 49176)

000 -ლიდერი
ფიქსირებული სიგრძის საკონტროლო ველი 00896nam a2200229Ia 4500
001 - საკონტროლო ნომერი
საკონტროლო ველი 16087
003 - საკონტროლო ნომრის იდენტიფიკატორი
საკონტროლო ველი GE_BSU
005 - ბოლო ოპერაციის თარიღი და დრო
საკონტროლო ველი 20241209174301.0
008 - ფიქსირებული სიგრძის მონაცემთა ელემენტები - ზოგადი ინფორმაცია
ფიქსირებული სიგრძის საკონტროლო ველი 181216s2009||||ge |||||||||||||| ||geo||
020 ## - წიგნის საერთაშორისო სტანდარტული ნომერი
International Standard Book Number 9789941101496
040 ## - კატალოგიზაციის წყარო
Transcribing agency GE_BSU
041 ## - ენის კოდი
Language code of text/sound track or separate title geo
080 ## - უნივერსალური ათობითი კლასიფიკაციის ინდექსი
Universal Decimal Classification number 1(075.8) რ-21
100 ## - მთავარი ჩანაწერი - პიროვნების სახელი
Personal name რამიშვილი, ვალერიან
9 (RLIN) 23935
245 ## - ცნობა სათაურის შესახებ
Title ფილოსოფია :
Remainder of title (ძირითადი კურსი) /
Statement of responsibility, etc ვალერიან რამიშვილი ; [რედ. ირაკლი ბრაჭული].
264 ## - წარმოების, გამოცემის, დისტრიბუციის და სხვა ცნობები
გამოცემის, წარმოების, დისტრიბუციის... ადგილი თბილისი :
გამოცემის, წარმოების, დისტრიბუციის... სახელწოდება მერიდიანი,
გამოცემის, წარმოების, დისტრიბუციის... თარიღი 2009.
300 ## - ფიზიკური აღწერა
Extent 517გვ. ;
Dimensions 24 სმ.
653 ## - INDEX TERM--UNCONTROLLED
Uncontrolled term (ძირითადი კურსი)
653 ## - INDEX TERM--UNCONTROLLED
Uncontrolled term ფილოსოფია
700 ## - ADDED ENTRY--PERSONAL NAME
Personal name რაჭული, ირაკლი
Relator term რედაქტორი
9 (RLIN) 23936
942 ## - ADDED ENTRY ELEMENTS (KOHA)
Koha item type წიგნი
Source of classification or shelving scheme
ეგზემპლარები
ჩამოწერის სტატუსი დაკარგული ეგზემპლარის სტატუსი კლასიფიკაციის წყარო ან თაროზე გაწყობის სქემა დაზიანების სტატუსი არ გაიცემა მუდმივი მდებარეობა (დაცვის ადგილი) ამჟამინდელი ადგილსამყოფელი თაროზე განთავსების ადგილი შეძენის თარიღი სრული შენახვის შიფრი შტრიხკოდი ბოლო ოპერაციის თარიღი ეგზემპლარის მიმდევრობითი ნომერი (კეტერი?) ფასის ძალაში შესვლის თარიღი ეგზემპლარის სახეობა
          ბათუმის შოთა რუსთაველის სახელმწიფო უნივერსიტეტის მთავარი ბიბლიოთეკა ბათუმის შოთა რუსთაველის სახელმწიფო უნივერსიტეტის მთავარი ბიბლიოთეკა წიგნსაცავი 2018-12-17 1(075.8) რ-21 27516 2018-12-17 27516 2018-12-17 წიგნი